00329nam a22000977a 4500008004100000010001200041245005700053260000900110500005600119500005600175110621t xxu||||| |||| 00| 0 eng d aCACAF67 aThe Court of Appeal Civil Application No. 30 of 1998 c1998 aCoram: Hon. Lady Justice A.E. Mpagi-Bahigeine, J.A. aApplication arising from the Civil Appeal No.20/98